000 00488 a2200157 4500
020 _a0132130807
040 _aDLC
_bDLC
100 _aLiang, Y. Daniel.
245 _aIntroduction to JAVA programming : comprehensive version
_cY. Daniel Liang
250 _a8th
260 _aUpper Saddle River, NJ :
_b Pearson/Prentice Hall,
_c2011.
300 _axiIv, 1342 p. :
_bill. ;
_c26 cm.
500 _aIncludes index.
650 _aJava (Computer program language)
942 _cBK
_k005.133 LIA
_2ddc
999 _c10291
_d10291